Przeglad bibliograficzny pismiennictwa ekonomicznego

Salvato in:
Dettagli Bibliografici
Natura: Periodico
Lingua:polacco
Pubblicazione: Warszawa Biblioteka Szkoly Glownej Handlowej 2001
Tags: Aggiungi Tag
Nessun Tag, puoi essere il primo ad aggiungerne!!

MARC

LEADER 00000nas2a22000001 4500
001 0007658
005 20250617111509.4
022 |a 0032-8138 
041 0 |a pol 
044 |a PL 
245 1 0 |a Przeglad bibliograficzny pismiennictwa ekonomicznego 
264 1 |a Warszawa  |b Biblioteka Szkoly Glownej Handlowej  |c 2001 
300 |a 1 zv.